[Event "San Jose Metropolitano op-B 45th"]
[Site "San Jose"]
[Date "2024.12.28"]
[Round "5"]
[White "Acuna Nunez, Ignacio"]
[Black "Murillo Tsijli, Manuel"]
[Result "1-0"]
[WhiteElo "1655"]
[BlackElo "1880"]
[PlyCount "53"]
[EventDate "2024.12.26"]
[EventType "tourn"]
[EventRounds "9"]
[EventCountry "CRI"]
[SourceTitle "CB02_2025"]
[SourceDate "2025.01.08"]
[SourceVersion "1"]
[SourceVersionDate "2025.01.08"]
[SourceQuality "1"]

1. e4 d5 2. exd5 Qxd5 3. Nc3 Qa5 4. d4 Nf6 5. Bc4 e6 6. Nge2 c6 7. 0-0 Bd6 8. h3 0-0 9. Bb3 Nbd7 10. Ng3 Bxg3 11. fxg3 c5 12. Be3 cxd4 13. Qxd4 b6 14. Ne4 Nxe4 15. Qxe4 Ba6 16. Rf2 Nc5 17. Qg4 Nxb3 18. Bh6 g6 19. Qf4 f5 20. cxb3 Rf7 21. b4 Qb5 22. Re1 Qc4 23. Qe3 Re8 24. g4 Qd3 25. Qg5 Bb7 26. Rd2 Qg3 27. Rxe6 1-0

[Event "San Jose Metropolitano op-B 45th"]
[Site "San Jose"]
[Date "2024.12.26"]
[Round "2"]
[White "Murillo Tsijli, Manuel"]
[Black "Castillo Chavarria, Sebastian"]
[Result "1-0"]
[WhiteElo "1880"]
[BlackElo "1626"]
[PlyCount "69"]
[EventDate "2024.12.26"]
[EventType "tourn"]
[EventRounds "9"]
[EventCountry "CRI"]
[SourceTitle "CB02_2025"]
[SourceDate "2025.01.08"]
[SourceVersion "1"]
[SourceVersionDate "2025.01.08"]
[SourceQuality "1"]

1. e4 c5 2. f4 d5 3. e5 Bf5 4. Nf3 e6 5. Be2 Nc6 6. d3 Nge7 7. c3 d4 8. c4 b5 9. cxb5 Qa5+ 10. Bd2 Qxb5 11. Na3 Qa6 12. Nc4 Nd5 13. Ng5 Nb6 14. b3 h6 15. Nf3 Nxc4 16. bxc4 Be7 17. 0-0 0-0 18. h3 Rab8 19. g4 Bh7 20. a3 Rb6 21. Qe1 Rb3 22. Qg3 Bxd3 23. Bxd3 Rxd3 24. f5 f6 25. exf6 Bxf6 26. Rae1 exf5 27. gxf5 Qxc4 28. Bxh6 Qf7 29. Qg4 Rxf3 30. Qxf3 Ne5 31. Qg3 Qd5 32. Bxg7 Bxg7 33. f6 Rf7 34. Rxe5 Qd6 35. Re8+ 1-0